Marketing cestovného ruchu
Guardado en:
| Autor principal: | |
|---|---|
| Otros Autores: | , |
| Formato: | Libro |
| Lenguaje: | eslovaco |
| Publicado: |
Nesluša
Progressus Slovakia
2007
|
| Materias: | |
| Etiquetas: |
Sin Etiquetas, Sea el primero en etiquetar este registro!
|
MARC
| LEADER | 00000nam$a2200000$$$4500 | ||
|---|---|---|---|
| 001 | 0071002 | ||
| 005 | 20240502071841.9 | ||
| 020 | |a 978-80-969642-3-3 | ||
| 041 | 0 | |a slo | |
| 044 | |a SK | ||
| 245 | 1 | 0 | |a Marketing cestovného ruchu |c Peter Filo |
| 264 | 1 | |a Nesluša |b Progressus Slovakia |c 2007 | |
| 300 | |a 98 s. | ||
| 610 | 2 | 0 | |a ruch cestovný |
| 610 | 2 | 0 | |a marketing |
| 100 | 1 | |a Filo, Peter | |
| 700 | 1 | |a Tajtáková, Mária | |
| 700 | 1 | |a Hasprová, Mária, 1970- | |